| 000 | 00835nam a2200253Ia 4500 | ||
|---|---|---|---|
| 003 | OSt | ||
| 005 | 20220918214635.0 | ||
| 006 | a|||||r|||| 00| 0 | ||
| 007 | ta | ||
| 008 | 220917b |||||||| |||| 00| 0 eng d | ||
| 024 | _a138,461 | ||
| 037 | _cTextual | ||
| 040 |
_aARTS _cARTS _beng |
||
| 041 |
_2eng _aeng |
||
| 082 | _aXvp1,N78, M1 | ||
| 110 |
_aInternational Economic History Congress, 1978 (Edinburgh) _9132084 |
||
| 245 | 0 |
_aPapers _b disparities in economic development since the industrial revolution ed by Paul Bairoch and Maurice Levy Leboyer |
|
| 260 |
_aLondon _bMacmillan Press _c1981 |
||
| 300 |
_axii,427p. _ccm. |
||
| 650 | _aECONOMICS | ||
| 700 |
_aInternational Economic History Congress, 1978 (Edinburgh) _9132085 |
||
| 942 |
_hXvp1,N78, M1 _cTEXL _2CC |
||
| 999 |
_c261512 _d261512 |
||